Seguridad ciudadana y derecho penal

Bibliographic Details
Main Author: Jimňez Da̕z, Mara̕ Još
Format: Unknown
Language:Spanish
Published: Madrid : Dykinson, 2006
Series:Ensayos penales ; 6
Subjects:
Online Access:Acceso restringido

MARC

LEADER 00000ny a22000003n 4500
005 20110523105558.0
008 060811s2006 sp s 001 0 spa c
017 |a D.L. SE.356-2006 
020 |a 8497728017 
035 |a 1402 
040 |a SpMaUCDE  |d UMA.RE  |d vLex 
080 |a 343.34(460) 
090 |c 143  |d 143 
100 1 |a Jimňez Da̕z, Mara̕ Još 
245 1 0 |a Seguridad ciudadana y derecho penal  |h [Recurso electrn̤ico]  |c Mara̕ Jos ̌Jimňez Da̕z 
256 |a Servicio en ln̕ea 
260 |a Madrid :  |b Dykinson,  |c 2006 
300 |a 162 p. ;  |c 20 cm 
490 1 |a Ensayos penales ;  |v 6 
504 |a Bibliografa̕: p.[153]-157 
506 1 |a Contenido solo disponible en los productos indicados  |d vLex Global  |d vLex Global (Academic Edition, excluding Law Schools)  |d vLex Global (U.S. Academic Edition, Law Schools)  |d vLex Global (U.S. Academic Edition, excluding Law Schools)  |d vLex Global (Academic Edition, Law Schools) 
650 0 7 |a Seguridad social  |2 Tesauro vLex 
650 0 7 |a Seguridad ciudadana  |2 Tesauro vLex 
650 0 7 |a Derecho penal  |2 Tesauro vLex 
740 0 |a vLex Libros (Servicios en ln̕ea) 
856 4 0 |u http://vlex.com/source/1402  |z Acceso restringido 
942 |c BOOK 
999 0 |a Criminal law  |b Spain